00273nam a2200097Ia 45000010005000000080041000050820017000461000058000632450030001212600024001513955241024s9999 xx 000 0 und d aRD/630/F673a aFondo Especial para el Desarrollo Agropecuario (FEDA) 0aAniversario 1972-2014, 42 bSanto Domingoc2015